Normal view
MARC view
- Pettingell, Margaret S
Entry Personal Name
001 - CONTROL NUMBER
- control field: 246016
003 - CONTROL NUMBER IDENTIFIER
- control field: KE-NaSUL
005 - DATE AND TIME OF LATEST TRANSACTION
- control field: 20250827005355.0
008 - FIXED-LENGTH DATA ELEMENTS
- fixed length control field: 250827|| aca||aabn | a|a d
040 ## - CATALOGING SOURCE
- Original cataloging agency: KE-NaSUL
- Transcribing agency: KE-NaSUL
100 ## - HEADING--PERSONAL NAME
- Personal name: Pettingell, Margaret S
670 ## - SOURCE DATA FOUND
- Source citation: Work cat.: (KE-NaSUL)244899: Tobin, Daniel R., 1946- 53026, The AMA guide to management development, c2008.